Die teuersten Fußballtransfers - Rechter Verteidiger - 2017-2018 - Statistiken

Allgemein
  • Dieses Quiz wurde 20 mal gespielt
  • Das Durchschnittsergebnis liegt bei 3 aus 11
Antwortstatistiken
Ablöse (M €) Nationalität Abgebender Verein Aufnehmender Verein Spieler % Korrekt
52,70 England Tottenham Manchester City Kyle Walker
94%
35,70 Portugal Benfica FC Barcelona Nélson Semedo
67%
25,00 Elfenbeinküste Paris SG Tottenham Serge Aurier
67%
7,00 Deutschland TSG Hoffenheim Borussia Dortmund Jeremy Toljan
33%
16,00 Niederlande Feyenoord AS Roma Rick Karsdorp
28%
10,50 Argentinien Estudiantes LP Tottenham Juan Foyth
17%
12,00 Italien AC Mailand Juventus Turin Mattia De Sciglio
17%
12,50 Brasilien FC Turin AS Roma Bruno Peres
6%
24,00 Italien Atalanta Bergamo AC Mailand Andrea Conti
0%
9,00 Frankreich AS St.-Étienne LOSC Lille Kévin Malcuit
0%
7,00 Spanien Juventus Turin US Sassuolo Pol Lirola
0%
Keine übereinstimmenden Quizze gefunden
Verteilung der Resultate
Anzahl Personen mit jedem Resultat
Perzentil nach korrekt beantworteten Fragen
Ihre Resultats-Entwicklung
Sie haben dieses Quiz noch nicht gespielt